[Event "10. Lovsprings EMT Basis 2 1998"]
[Site "Ringsted"]
[Date "1998.03.13"]
[Round "1"]
[White "Christoffersen, Ib"]
[Black "Jensen, Dan Bronnum"]
[Result "1-0"]
[WhiteElo "1341"]
[BlackElo "1439"]
[PlyCount "147"]
[EventDate "1998.??.??"]

1. d4 Nf6 2. c4 e5 3. dxe5 Ne4 4. Be3 Bb4+ 5. Nd2 Qh4 6. g3 Qh5 7. Ngf3 Nc6 8.
a3 Bxd2+ 9. Bxd2 Nxe5 10. Nxe5 Qxe5 11. Bg2 d6 12. Bf4 Qe7 13. Qd5 Nf6 14. Qd4
h6 15. O-O O-O 16. Rac1 Nd7 17. Rfe1 Nc5 18. Rc3 Ne6 19. Qe4 Re8 20. Qf3 Rb8
21. e4 Bd7 22. Qe3 b6 23. h4 g5 24. hxg5 hxg5 25. Qd2 gxf4 26. gxf4 Qf6 27.
Rg3+ Kf8 28. f5 Ng7 29. Ree3 Bc8 30. Rh3 Re5 31. f4 Rc5 32. Rh8+ Ke7 33. e5
Qxf5 34. exd6+ Kf6 35. Rh6+ Qg6 36. Rxg6+ Kxg6 37. Rg3+ Kh7 38. Qd4 Nh5 39.
Be4+ Bf5 40. Bxf5+ Rxf5 41. Rh3 cxd6 42. Qe4 Rg8+ 43. Kf2 Rgg5 44. Ke3 Rg3+ 45.
Rxg3 Nxg3 46. Qg2 Nh5 47. Qg4 Ra5 48. f5 Ng7 49. Qh4+ Kg8 50. Qd8+ Kh7 51. f6
Nf5+ 52. Kd3 Re5 53. Qd7 Kg6 54. Qxa7 Re3+ 55. Kd2 Rb3 56. Kc2 Nd4+ 57. Kd2
Kxf6 58. Qd7 Nf5 59. Qd8+ Kg6 60. Qg8+ Kf6 61. Qh8+ Ke6 62. Kc2 Rg3 63. Qc8+
Ke5 64. Qe8+ Kd4 65. Qxf7 Ne3+ 66. Kb3 Nxc4+ 67. Kb4 Ke5 68. Qxc4 Re3 69. Qb5+
d5 70. Qxb6 Re4+ 71. Kc5 Rc4+ 72. Kb5 Rc2 73. b4 Ke4 74. Qg6+ 1-0

[Event "10. Lovsprings EMT Basis 2 1998"]
[Site "Ringsted"]
[Date "1998.03.13"]
[Round "1"]
[White "Christoffersen, Per"]
[Black "Jensen, Soren3"]
[Result "1-0"]
[WhiteElo "1432"]
[BlackElo "1306"]
[PlyCount "139"]
[EventDate "1998.??.??"]

1. d4 d5 2. c4 Nc6 3. Nc3 Nf6 4. cxd5 Nxd5 5. e3 g6 6. Bb5 Qd6 7. Nf3 a6 8. Bc4
Ndb4 9. a3 Na5 10. Bxf7+ Kxf7 11. axb4 Qxb4 12. Ra4 Qb6 13. Ne5+ Ke8 14. Nd5
Qd6 15. Rxa5 b6 16. Nxc7+ Qxc7 17. Ra3 Bb7 18. Rc3 Qd6 19. O-O Bg7 20. Nc4 Qe6
21. Nd2 Rf8 22. Qb3 Bd5 23. Qc2 b5 24. Rc5 h5 25. b4 h4 26. e4 Bb7 27. Bb2 Qd7
28. Rc7 Rc8 29. Rxc8+ Bxc8 30. d5 Bxb2 31. Qxb2 Qg4 32. f3 Qg5 33. Rf2 Qf4 34.
Qc3 Bb7 35. Nf1 g5 36. Qe3 Qf6 37. Qa7 Bc8 38. Qc7 Kf7 39. e5 Qf5 40. Qc3 Kg8
41. Ne3 Qg6 42. Qb3 Kh7 43. Qc2 Bf5 44. Nxf5 Rxf5 45. Qc7 Rf7 46. Qc2 Rf5 47.
Qc3 Qg7 48. Re2 g4 49. fxg4 Qxg4 50. Re1 Rg5 51. Qd2 h3 52. g3 Rf5 53. d6 Rf8
54. d7 Rd8 55. e6 Qg8 56. Qd4 Qg5 57. Qb6 Qd5 58. Qf2 Qd6 59. Qf7+ Kh6 60. Qf4+
Qxf4 61. gxf4 Kg6 62. Rc1 Rg8 63. Kh1 Kf6 64. Rc8 Rg2 65. d8=Q Re2 66. Qd4+
Kxe6 67. Rc6+ Kf7 68. Qd5+ Kg7 69. Qg5+ Kf7 70. Qh5+ 1-0

[Event "10. Lovsprings EMT Basis 2 1998"]
[Site "Ringsted"]
[Date "1998.03.13"]
[Round "1"]
[White "Hansen, John Brangstrup"]
[Black "Krag Jacobsen, Alan"]
[Result "1-0"]
[WhiteElo "1597"]
[BlackElo "1379"]
[PlyCount "61"]
[EventDate "1998.??.??"]

1. d4 d5 2. c4 e6 3. Nc3 Nf6 4. cxd5 exd5 5. Bg5 Be7 6. e3 Nbd7 7. Bd3 c6 8.
Nge2 h6 9. Bf4 Nb6 10. Qc2 Be6 11. a3 Bd6 12. Rc1 a6 13. Qb3 Bxf4 14. Nxf4 O-O
15. Nxe6 fxe6 16. O-O Qc7 17. f3 Nbd7 18. e4 dxe4 19. Qxe6+ Kh8 20. fxe4 Qb6
21. Ne2 Rae8 22. Qf5 Rg8 23. Kh1 g6 24. Qh3 h5 25. e5 Ng4 26. Nf4 Qxb2 27. Rc2
Qxd4 28. Nxh5 Qxe5 29. Nf6+ Kg7 30. Qh7+ Kf8 31. Nxd7# 1-0

[Event "10. Lovsprings EMT Basis 2 1998"]
[Site "Ringsted"]
[Date "1998.03.13"]
[Round "1"]
[White "Jensen, Jorgen"]
[Black "Munksgaard, Bo"]
[Result "0-1"]
[WhiteElo "1349"]
[BlackElo "1500"]
[PlyCount "132"]
[EventDate "1998.??.??"]

1. e4 d5 2. exd5 Qxd5 3. Nc3 Qa5 4. Nf3 Nf6 5. h3 Bf5 6. Bc4 e6 7. d3 Nbd7 8.
a3 c6 9. Bd2 Qc7 10. Qe2 Be7 11. Nh4 Bg6 12. Nxg6 hxg6 13. Ne4 Nxe4 14. Qxe4
Bf6 15. c3 Rh5 16. O-O O-O-O 17. d4 Rh4 18. Qc2 Rdh8 19. f4 c5 20. Be3 Kb8 21.
dxc5 Nxc5 22. Be2 Be7 23. Rf3 Bd6 24. Raf1 Nd7 25. Bd1 Nf6 26. Qa4 Bc5 27. Bxc5
Qxc5+ 28. Qd4 Qc6 29. Qe3 Nd7 30. Bc2 R4h5 31. R1f2 Nf6 32. Rf1 Nd5 33. Qf2 Qc7
34. Qd4 Nf6 35. Bb3 Rd8 36. Qe3 Qc6 37. Bc2 Qb5 38. b3 Nd5 39. Qf2 Nf6 40. c4
Qa5 41. a4 Rd2 42. Qe1 Rxc2 43. Qxa5 Rxa5 44. Rd1 Kc7 45. Rfd3 g5 46. fxg5 Rxg5
47. g4 Rb2 48. Kf1 Kc6 49. R1d2 Rxd2 50. Rxd2 Kc7 51. Rd3 Nxg4 52. hxg4 Rxg4
53. Kf2 e5 54. Kf3 Rh4 55. Kg3 Rd4 56. Re3 f6 57. Rc3 g6 58. b4 f5 59. a5 Kc6
60. Kf3 g5 61. Kg3 e4 62. Kf2 f4 63. Kg2 g4 64. Kf2 e3+ 65. Ke2 Rd2+ 66. Ke1 g3
0-1

[Event "10. Lovsprings EMT Basis 2 1998"]
[Site "Ringsted"]
[Date "1998.03.13"]
[Round "1"]
[White "Kroyer, Stefan M"]
[Black "Skovgaard, Mikael"]
[Result "1-0"]
[WhiteElo "1601"]
[BlackElo "1400"]
[PlyCount "83"]
[EventDate "1998.??.??"]

1. d4 Nf6 2. c4 g6 3. Nc3 Bg7 4. Bg5 O-O 5. Nf3 d6 6. e3 a5 7. Bd3 Na6 8. h3 c5
9. a3 Bd7 10. Qb3 Qc7 11. Bxf6 exf6 12. Nd5 Qd8 13. Qxb7 Rb8 14. Qxa6 Bc8 15.
Qc6 Bb7 16. Qa4 Bxd5 17. cxd5 Rxb2 18. O-O f5 19. Rab1 Rxb1 20. Rxb1 Qa8 21.
Qc6 cxd4 22. Nxd4 Bxd4 23. Qxa8 Rxa8 24. exd4 Rc8 25. a4 Rc3 26. Bb5 f4 27. f3
Rc2 28. Re1 Rd2 29. Re8+ Kg7 30. Rd8 Kf6 31. Rxd6+ Kg5 32. Rd8 Kh4 33. Kh2 f5
34. d6 g5 35. Rh8 g4 36. hxg4 fxg4 37. Rxh7+ Kg5 38. Rg7+ Kh4 39. Rxg4+ Kh5 40.
Rxf4 Kg5 41. Re4 Kf5 42. d7 1-0

[Event "10. Lovsprings EMT Basis 2 1998"]
[Site "Ringsted"]
[Date "1998.03.13"]
[Round "1"]
[White "Mortensen, Orla Lind"]
[Black "Nikolajsen, Martin"]
[Result "0-1"]
[WhiteElo "1384"]
[BlackElo "1315"]
[PlyCount "126"]
[EventDate "1998.??.??"]

1. e4 e5 2. f4 exf4 3. Nf3 Be7 4. h4 d6 5. d4 Bg4 6. Bxf4 Bxh4+ 7. g3 Bxf3 8.
Qxf3 Bg5 9. Bc4 Bxf4 10. gxf4 Nc6 11. c3 Na5 12. Bxf7+ Kxf7 13. Qh5+ g6 14.
Qxa5 Nf6 15. Nd2 Qe8 16. O-O-O b6 17. Qb4 Qe6 18. d5 Qd7 19. Nf3 h6 20. e5 Qg4
21. Rhf1 Nh5 22. e6+ Kg7 23. Qb5 Nf6 24. Qc6 Rhc8 25. Nd2 Qf5 26. Nb3 h5 27.
Qc4 Kh6 28. Rg1 Ng4 29. Qd4 c5 30. Qd2 a5 31. Na1 Rf8 32. Rdf1 Qe4 33. Nc2 Rf5
34. Rxg4 hxg4 35. Ne3 Rh5 36. Nxg4+ Kg7 37. c4 Qxc4+ 38. Qc3+ Qxc3+ 39. bxc3
Rxd5 40. Ne3 Rd3 41. Re1 Rxc3+ 42. Kb2 Rxe3 43. Rxe3 Kf6 44. Rg3 b5 45. Kc3 Re8
46. Rh3 Rxe6 47. Rh8 Kf5 48. Rf8+ Rf6 49. Rb8 b4+ 50. Kd3 Kxf4 51. Rb5 Kf3 52.
Rxa5 g5 53. Ra8 g4 54. Re8 g3 55. Re3+ Kg2 56. Re8 Kf1 57. Kd2 Rf2+ 58. Kd1
Rxa2 59. Re1+ Kf2 60. Re6 d5 61. Rf6+ Ke3 62. Rg6 g2 63. Re6+ Kd3 0-1

[Event "10. Lovsprings EMT Basis 2 1998"]
[Site "Ringsted"]
[Date "1998.03.13"]
[Round "1"]
[White "Nilsson, Jonas Gosta"]
[Black "Elholm, Tommy"]
[Result "1/2-1/2"]
[WhiteElo "1471"]
[BlackElo "1585"]
[PlyCount "92"]
[EventDate "1998.??.??"]

1. e4 e5 2. Nf3 Nc6 3. d4 exd4 4. Nxd4 Qf6 5. Be3 a6 6. c3 Nge7 7. Be2 d6 8.
Nd2 Bd7 9. b4 Qg6 10. Rg1 Nxd4 11. cxd4 d5 12. e5 Nf5 13. Qb3 c6 14. Bd3 Qe6
15. Bxf5 Qxf5 16. f4 h5 17. a3 Be7 18. h3 Qg6 19. O-O-O Bf5 20. Kb2 Qe6 21. Qc3
Rh6 22. Nb3 b6 23. Rc1 Rc8 24. g4 hxg4 25. hxg4 Rh2+ 26. Ka1 Bxg4 27. Qd3 Be2
28. Qd2 Qh3 29. Rc3 Bc4 30. Bf2 Qh6 31. Qe1 Kd8 32. Nd2 Bb5 33. Nf3 Rh5 34. Be3
Qh7 35. Qg3 g6 36. e6 fxe6 37. Ne5 Rh1 38. Qxg6 Rxg1+ 39. Bxg1 Qxg6 40. Nxg6
Kd7 41. Ne5+ Kc7 42. Rg3 Bf6 43. Rg6 Bxe5 44. dxe5 Re8 45. Rg7+ Kc8 46. Bxb6
Rf8 1/2-1/2

[Event "10. Lovsprings EMT Basis 2 1998"]
[Site "Ringsted"]
[Date "1998.03.13"]
[Round "1"]
[White "Petersen, Torben William"]
[Black "Svava, Mogens"]
[Result "1-0"]
[WhiteElo "1398"]
[BlackElo "1370"]
[PlyCount "35"]
[EventDate "1998.??.??"]

1. d4 d5 2. c4 c6 3. Nf3 Bf5 4. Nc3 e6 5. Qb3 Qc8 6. cxd5 exd5 7. e4 dxe4 8.
Ne5 Be6 9. Bc4 b5 10. Bxe6 Qxe6 11. Qxe6+ fxe6 12. Nxe4 Nf6 13. Ng5 Bb4+ 14.
Bd2 Bxd2+ 15. Kxd2 Ke7 16. Rac1 Rc8 17. Rhe1 h6 18. Ng6+ 1-0

[Event "10. Lovsprings EMT Basis 2 1998"]
[Site "Ringsted"]
[Date "1998.03.20"]
[Round "2"]
[White "Christoffersen, Per"]
[Black "Christoffersen, Ib"]
[Result "0-1"]
[WhiteElo "1432"]
[BlackElo "1341"]
[PlyCount "76"]
[EventDate "1998.??.??"]

1. d4 d5 2. c4 Nf6 3. Nc3 c6 4. Nf3 Bg4 5. e3 e6 6. cxd5 exd5 7. h3 Bh5 8. Be2
Nbd7 9. Qb3 Rb8 10. O-O Bd6 11. Nd2 O-O 12. Bd3 Bg6 13. Bxg6 fxg6 14. e4 Bc7
15. e5 Nh5 16. Re1 Qh4 17. Nf3 Rxf3 18. gxf3 Qxh3 19. Nxd5 cxd5 20. Qxd5+ Kh8
21. f4 Qg4+ 22. Kf1 Qf5 23. Qc4 Bb6 24. e6 Ndf6 25. Re5 Qh3+ 26. Ke1 Ng4 27.
Re2 h6 28. e7 Nhf6 29. Qf7 Ba5+ 30. Kd1 Qf1+ 31. Kc2 Qxe2+ 32. Kb3 b6 33. Qf8+
Rxf8 34. exf8=Q+ Kh7 35. Be3 Qd3+ 36. Ka4 Nd5 37. Qc8 a6 38. Rc1 Qb5+ 0-1

[Event "10. Lovsprings EMT Basis 2 1998"]
[Site "Ringsted"]
[Date "1998.03.20"]
[Round "2"]
[White "Jensen, Soren3"]
[Black "Jensen, Dan Bronnum"]
[Result "1-0"]
[WhiteElo "1306"]
[BlackElo "1439"]
[PlyCount "85"]
[EventDate "1998.??.??"]

1. e4 e5 2. Nf3 Nc6 3. Bc4 Nf6 4. d3 h6 5. Nc3 d6 6. Be3 Bg4 7. h3 Bd7 8. Nd5
Nxd5 9. Bxd5 Be7 10. Qd2 Bf6 11. O-O-O Qe7 12. g4 Be6 13. Bxe6 Qxe6 14. b3 d5
15. Qe2 d4 16. Bd2 a5 17. Kb1 Qd6 18. Bc1 a4 19. a3 axb3 20. cxb3 Be7 21. Qb2
Qf6 22. Nd2 b5 23. b4 Nd8 24. Nb3 Nb7 25. f4 Bd6 26. fxe5 Bxe5 27. Rdf1 Qd6 28.
Qc2 Ra6 29. Qf2 Qf6 30. Qxf6 Bxf6 31. Bb2 Rd6 32. Rf5 Rb6 33. Nxd4 Bxd4 34.
Bxd4 Rd6 35. Bxg7 Rh7 36. Rxb5 Nd8 37. Bb2 Rxd3 38. Rd5 Re3 39. Rc1 Ne6 40. Bf6
Rxe4 41. Rxc7 Re1+ 42. Kc2 Re2+ 43. Kd1 1-0

[Event "10. Lovsprings EMT Basis 2 1998"]
[Site "Ringsted"]
[Date "1998.03.20"]
[Round "2"]
[White "Krag Jacobsen, Alan"]
[Black "Elholm, Tommy"]
[Result "0-1"]
[WhiteElo "1379"]
[BlackElo "1585"]
[PlyCount "86"]
[EventDate "1998.??.??"]

1. d4 Nf6 2. Nf3 g6 3. c4 c5 4. d5 b5 5. e3 bxc4 6. Bxc4 d6 7. Nc3 Bg7 8. e4
Nbd7 9. O-O O-O 10. Bd2 Rb8 11. Rb1 Ng4 12. Ne1 Nde5 13. Be2 c4 14. f4 Qb6+ 15.
Kh1 Nf2+ 16. Rxf2 Qxf2 17. fxe5 Bxe5 18. Nf3 Bg7 19. Bxc4 Bg4 20. Be2 Rfc8 21.
h3 Bd7 22. Bf4 Bxc3 23. bxc3 Rxb1 24. Qxb1 Qxe2 25. Nd4 Qc4 26. Bd2 Qc7 27. Nc2
a5 28. Ne3 Rb8 29. Qc1 a4 30. c4 Rb7 31. Bc3 e5 32. a3 Rb3 33. Bb4 Qc8 34. Kh2
Qf8 35. Nf1 f5 36. Ng3 f4 37. Ne2 g5 38. Ng1 Qh6 39. c5 g4 40. c6 Bc8 41. Qf1
Rb2 42. Qc1 Rxg2+ 43. Kh1 g3 0-1

[Event "10. Lovsprings EMT Basis 2 1998"]
[Site "Ringsted"]
[Date "1998.03.20"]
[Round "2"]
[White "Munksgaard, Bo"]
[Black "Mouritsen, Jan"]
[Result "1-0"]
[WhiteElo "1500"]
[BlackElo "1461"]
[PlyCount "75"]
[EventDate "1998.??.??"]

1. e4 d5 2. exd5 Qxd5 3. Nc3 Qa5 4. Bc4 Nf6 5. d3 Bf5 6. Bd2 c6 7. Nge2 e6 8.
O-O Qc7 9. Ng3 Bg6 10. Kh1 Bd6 11. f4 O-O 12. Nce4 Nbd7 13. Nxd6 Qxd6 14. Qf3
Rfe8 15. Rae1 h6 16. f5 Ne5 17. Rxe5 Qxe5 18. Bc3 Qd6 19. fxg6 fxg6 20. Bxf6
gxf6 21. Qxf6 Qe7 22. Qxg6+ Qg7 23. Bxe6+ Kh8 24. Qxg7+ Kxg7 25. Nh5+ Kh8 26.
Rf6 Kh7 27. Bf5+ Kg8 28. Be4 Rad8 29. Kg1 Re5 30. Rxh6 Rc5 31. c4 b5 32. b4 Re5
33. c5 a5 34. a3 axb4 35. axb4 Ra8 36. Ng3 Ra1+ 37. Kf2 Re7 38. Rxc6 1-0

[Event "10. Lovsprings EMT Basis 2 1998"]
[Site "Ringsted"]
[Date "1998.03.20"]
[Round "2"]
[White "Nikolajsen, Martin"]
[Black "Kroyer, Stefan M"]
[Result "0-1"]
[WhiteElo "1315"]
[BlackElo "1601"]
[PlyCount "126"]
[EventDate "1998.??.??"]

1. d4 c6 2. Nf3 d5 3. c4 e6 4. c5 Nd7 5. Bd2 e5 6. Nxe5 Nxe5 7. dxe5 Bxc5 8. g3
Qb6 9. e3 Qxb2 10. Nc3 Bb6 11. a4 Ba5 12. Rb1 Qa3 13. Rb3 Qc5 14. Bg2 Be6 15.
O-O Ne7 16. Qe1 d4 17. Ne4 Bxd2 18. Qxd2 Qxe5 19. exd4 Qc7 20. Rb2 O-O 21. Nc5
b6 22. Nxe6 fxe6 23. Rc2 Rad8 24. Rfc1 Rd6 25. Qe2 Nf5 26. Qe5 Nxd4 27. Rd2 Rf5
28. Qe3 Qd7 29. Rb2 c5 30. a5 Rf8 31. axb6 axb6 32. Qe5 Nf3+ 33. Bxf3 Rxf3 34.
Qe2 Rf8 35. Rcb1 Rb8 36. Rb5 Rd2 37. Qe1 Qd6 38. Rxb6 Rxb6 39. Rxb6 Qxb6 40.
Qxd2 c4 41. Qd7 Qb1+ 42. Kg2 Qe4+ 43. Kg1 h6 44. Qe8+ Kh7 45. Qc8 Qe1+ 46. Kg2
c3 47. Qc6 Qe5 48. Kf1 Qd4 49. Qxe6 Qd3+ 50. Qe2 Qb1+ 51. Kg2 Qf5 52. Kf1 c2
53. Qd2 Qb5+ 54. Kg2 Qc6+ 55. f3 c1=Q 56. Qd3+ Qg6 57. Qd4 Qcc2+ 58. Kg1 Qb1+
59. Kg2 Qa2+ 60. Kh3 Qf5+ 61. Qg4 Qxg4+ 62. fxg4 Qc4 63. Kh4 g5+ 0-1

[Event "10. Lovsprings EMT Basis 2 1998"]
[Site "Ringsted"]
[Date "1998.03.20"]
[Round "2"]
[White "Orup, Kim Amdi"]
[Black "Jensen, Jorgen"]
[Result "1/2-1/2"]
[WhiteElo "1316"]
[BlackElo "1349"]
[PlyCount "164"]
[EventDate "1998.??.??"]

1. e4 e5 2. Bc4 Bc5 3. Nc3 Nf6 4. Nf3 Nc6 5. d3 h6 6. a3 a6 7. O-O O-O 8. Nd5
d6 9. b4 Ba7 10. h3 Nxd5 11. Bxd5 Ne7 12. Ba2 Ng6 13. Kh2 Kh7 14. Ng1 f5 15. f3
Qf6 16. Bd5 c6 17. exf5 Ne7 18. Be6 Bxe6 19. fxe6 Qxe6 20. Ne2 Qf6 21. Bb2 Nd5
22. Bc1 e4 23. d4 exf3 24. Rxf3 Qe7 25. Qd3+ Kh8 26. Nf4 Nxf4 27. Bxf4 Rae8 28.
Raf1 d5 29. Be5 Rxf3 30. Qxf3 Bb8 31. Bxb8 Rxb8 32. Qf7 Re8 33. Qxe7 Rxe7 34.
Rf8+ Kh7 35. Rb8 Kg6 36. Kg3 Re3+ 37. Kf4 Re4+ 38. Kf3 Rxd4 39. Rxb7 Rc4 40.
Rb6 Rxc2 41. Rxa6 Kf5 42. a4 Rc3+ 43. Kf2 Ke4 44. b5 cxb5 45. axb5 Rb3 46. Rb6
Kd4 47. Rb7 Kd3 48. b6 d4 49. Rb8 Kd2 50. b7 d3 51. Kf3 Rb4 52. g3 Kd1 53. Rd8
Rxb7 54. Rxd3+ Kc2 55. Re3 Kd2 56. Re8 Rf7+ 57. Kg4 Kd3 58. h4 Kd4 59. Kh5 Kd5
60. g4 Kd6 61. g5 hxg5 62. hxg5 Kd7 63. Rg8 Ke6 64. Kg6 Rf3 65. Rxg7 Rh3 66.
Rh7 Rg3 67. Rh6 Ke7 68. Rh5 Kf8 69. Rh8+ Ke7 70. Ra8 Rg2 71. Ra6 Kf8 72. Ra5
Rg3 73. Rf5+ Kg8 74. Kf6 Rg2 75. g6 Rg3 76. Rh5 Rf3+ 77. Kg5 Rg3+ 78. Kh6 Rg2
79. Rh1 Rg3 80. Rf1 Rh3+ 81. Kg5 Rg3+ 82. Kf6 Rg2 1/2-1/2

[Event "10. Lovsprings EMT Basis 2 1998"]
[Site "Ringsted"]
[Date "1998.03.20"]
[Round "2"]
[White "Petersen, Torben William"]
[Black "Hansen, John Brangstrup"]
[Result "0-1"]
[WhiteElo "1398"]
[BlackElo "1597"]
[PlyCount "38"]
[EventDate "1998.??.??"]

1. d4 Nf6 2. c4 g6 3. Nc3 d5 4. cxd5 Nxd5 5. Qb3 Nxc3 6. bxc3 Bg7 7. Nf3 O-O 8.
e4 b6 9. Bc4 Nc6 10. Bxf7+ Rxf7 11. Ng5 Qe8 12. Nxf7 Qxf7 13. Qxf7+ Kxf7 14.
Bf4 e5 15. dxe5 Nxe5 16. Rd1 Be6 17. a4 Ke8 18. f3 Bb3 19. Ra1 Nd3+ 0-1

[Event "10. Lovsprings EMT Basis 2 1998"]
[Site "Ringsted"]
[Date "1998.03.20"]
[Round "2"]
[White "Skovgaard, Mikael"]
[Black "Mortensen, Orla Lind"]
[Result "0-1"]
[WhiteElo "1400"]
[BlackElo "1384"]
[PlyCount "118"]
[EventDate "1998.??.??"]

1. e4 e6 2. d4 d5 3. Nc3 Nf6 4. e5 Nfd7 5. f4 c5 6. Nf3 cxd4 7. Nxd4 Nc6 8. Nf3
Bc5 9. Bd3 Nb4 10. a3 Nxd3+ 11. Qxd3 a6 12. Be3 Be7 13. O-O-O b5 14. Ng5 Bxg5
15. fxg5 Rb8 16. Rhf1 b4 17. axb4 Rxb4 18. Nxd5 exd5 19. Qxd5 Qe7 20. Rxf7 Qxe5
21. Qxe5+ Nxe5 22. Rxg7 Re4 23. Rc7 Rc4 24. Bc5 Bd7 25. Rd5 Re4 26. Ra7 Rg8 27.
Ra8+ Kf7 28. Rxg8 Kxg8 29. Bd4 Bc6 30. Rd8+ Kf7 31. Rd6 Re1+ 32. Kd2 Nc4+ 33.
Kxe1 Nxd6 34. g4 Bf3 35. h3 Bg2 36. h4 Bf3 37. Kf2 Bxg4 38. Ke3 Ke6 39. Kf4 Bh5
40. b3 Bd1 41. c4 Bxb3 42. c5 Nb5 43. Bh8 Nc7 44. h5 Bc2 45. g6 hxg6 46. h6 g5+
47. Kxg5 Bh7 48. Bd4 Kd5 49. Ba1 Ne6+ 50. Kf6 Nxc5 51. Kg7 Bc2 52. h7 Bxh7 53.
Kxh7 a5 54. Kg6 Kc4 55. Kf5 Kb3 56. Ke5 Nd3+ 57. Kd4 Nb2 58. Bxb2 Kxb2 59. Kc4
a4 0-1

[Event "10. Lovsprings EMT Basis 2 1998"]
[Site "Ringsted"]
[Date "1998.03.20"]
[Round "2"]
[White "Svava, Mogens"]
[Black "Nilsson, Jonas Gosta"]
[Result "0-1"]
[WhiteElo "1370"]
[BlackElo "1471"]
[PlyCount "64"]
[EventDate "1998.??.??"]

1. f4 d5 2. Nf3 c5 3. d4 e6 4. c3 Nf6 5. Be3 Ng4 6. Bg1 c4 7. Nbd2 Bd6 8. g3 b5
9. e4 Bb7 10. e5 Be7 11. b4 a5 12. a3 Nc6 13. Be2 axb4 14. axb4 Kd7 15. h3 Nh6
16. Bf2 Qb6 17. O-O Rxa1 18. Qxa1 Ra8 19. Qb1 g6 20. g4 Ra3 21. Rc1 Qa6 22. Nf1
Ra2 23. Bd1 Qa3 24. Ne3 Ng8 25. g5 h6 26. h4 h5 27. Be1 Nxb4 28. Bd2 Rb2 29.
Qa1 Qxa1 30. Rxa1 Na2 31. Bc2 b4 32. cxb4 Bxb4 0-1

[Event "10. Lovsprings EMT Basis 2 1998"]
[Site "Ringsted"]
[Date "1998.03.27"]
[Round "3"]
[White "Elholm, Tommy"]
[Black "Petersen, Torben William"]
[Result "1-0"]
[WhiteElo "1585"]
[BlackElo "1398"]
[PlyCount "79"]
[EventDate "1998.??.??"]

1. e4 Nc6 2. d4 e5 3. d5 Nce7 4. c4 Ng6 5. a3 Nf6 6. Nc3 Bc5 7. f3 O-O 8. Nge2
c6 9. b4 Bd6 10. c5 Bb8 11. Ng3 a5 12. Be3 cxd5 13. exd5 d6 14. Bc4 dxc5 15.
bxc5 Bd7 16. a4 Ba7 17. Nb5 Bxb5 18. axb5 Nf4 19. O-O N4xd5 20. Bf2 Rc8 21. b6
Rxc5 22. Bxc5 Bxb6 23. Bf2 Bxf2+ 24. Rxf2 b6 25. Rd2 Qd6 26. Bxd5 Qc5+ 27. Kh1
Qb4 28. Rb1 Qc5 29. Ne4 Nxe4 30. fxe4 b5 31. Rc2 Qb6 32. Rc6 Qb8 33. Rbc1 Qa7
34. Rc7 Qb6 35. Qf3 b4 36. Bxf7+ Kh8 37. Rc8 Qd6 38. Rxf8+ Qxf8 39. Qf5 g6 40.
Qf6+ 1-0

[Event "10. Lovsprings EMT Basis 2 1998"]
[Site "Ringsted"]
[Date "1998.03.27"]
[Round "3"]
[White "Jensen, Dan Bronnum"]
[Black "Skovgaard, Mikael"]
[Result "1/2-1/2"]
[WhiteElo "1439"]
[BlackElo "1400"]
[PlyCount "164"]
[EventDate "1998.??.??"]

1. e4 c5 2. Nc3 Nc6 3. f4 e6 4. Nf3 a6 5. d3 Qa5 6. Bd2 b5 7. g3 Qb6 8. Be3 Nd4
9. Bxd4 cxd4 10. Ne2 Bb4+ 11. c3 dxc3 12. bxc3 Bc5 13. d4 Ba3 14. Qb3 b4 15.
Rb1 a5 16. Qxa3 Rb8 17. Qb3 Bb7 18. Nd2 Nf6 19. Nc4 Qa6 20. Rg1 Bxe4 21. Nd2
Bxb1 22. Qxb1 O-O 23. c4 Ng4 24. Rh1 Ne3 25. Nc1 Rfc8 26. c5 Qc6 27. Rg1 Nxf1
28. Kxf1 d6 29. Ncb3 Qb5+ 30. Kf2 a4 31. Nc1 dxc5 32. dxc5 Qxc5+ 33. Kg2 Qd5+
34. Nf3 b3 35. axb3 axb3 36. Qd3 Qxd3 37. Nxd3 b2 38. Rb1 Rc2+ 39. Kh3 Rc3 40.
Nfe1 Rcb3 41. Nc5 Ra3 42. Ncd3 Ra1 43. Rxb2 Rxb2 44. Nxb2 Rxe1 45. Nd3 Re3 46.
Nf2 f6 47. Ng4 Re2 48. Kh4 e5 49. fxe5 fxe5 50. Kg5 e4 51. h4 Kf7 52. Kf4 Re1
53. Ne3 h5 54. Kxe4 Rg1 55. Kf4 Kg6 56. Kf3 Rb1 57. Kf4 Kf6 58. Nd5+ Ke6 59.
Ne3 Kf6 60. Nd5+ Kg6 61. Ne3 Rb4+ 62. Kf3 Kh7 63. Ng2 Kh6 64. Ne3 g5 65. hxg5+
Kxg5 66. Ng2 Rb1 67. Ne3 Rb3 68. Kf2 Rb8 69. Kf3 Rf8+ 70. Kg2 Kf6 71. Nd5+ Ke5
72. Ne3 Ke4 73. Nd1 Rg8 74. Nf2+ Ke3 75. Nh1 Rf8 76. Kh3 Kf3 77. Kh2 Re8 78.
Kg1 Re1+ 79. Kh2 Re2+ 80. Kg1 Rg2+ 81. Kf1 Rh2 82. Kg1 h4 1/2-1/2

[Event "10. Lovsprings EMT Basis 2 1998"]
[Site "Ringsted"]
[Date "1998.03.27"]
[Round "3"]
[White "Krag Jacobsen, Alan"]
[Black "Jensen, Jorgen"]
[Result "1/2-1/2"]
[WhiteElo "1379"]
[BlackElo "1349"]
[PlyCount "94"]
[EventDate "1998.??.??"]

1. e4 e5 2. Nf3 d6 3. Nc3 Nf6 4. Bc4 Be6 5. Bxe6 fxe6 6. d3 Be7 7. b3 Nc6 8.
Bb2 O-O 9. Ne2 Qe8 10. Qd2 Qg6 11. Rg1 a5 12. a3 Nh5 13. Ng3 h6 14. Nxh5 Qxh5
15. Qe2 Rf6 16. O-O-O Raf8 17. Rh1 Qg6 18. Rdg1 Qe8 19. Kb1 R6f7 20. Rf1 Bf6
21. h4 Nd4 22. Nxd4 exd4 23. f4 c5 24. Bc1 b5 25. Bd2 Qd8 26. Ka2 Qb6 27. g4
Be7 28. g5 d5 29. Rfg1 hxg5 30. hxg5 g6 31. Qh2 Rg7 32. Rg3 Kf7 33. Rh3 dxe4
34. dxe4 c4 35. e5 Qc5 36. Bc1 cxb3+ 37. cxb3 Rc8 38. Qd2 Qc2+ 39. Qxc2 Rxc2+
40. Kb1 Rc3 41. Bd2 Rxh3 42. Rxh3 Bxa3 43. Bxa5 Bc5 44. Bd2 Ke7 45. Kc2 Kd7 46.
Kd3 Kc6 47. Ke4 Bb6 1/2-1/2

[Event "10. Lovsprings EMT Basis 2 1998"]
[Site "Ringsted"]
[Date "1998.03.27"]
[Round "3"]
[White "Kroyer, Stefan M"]
[Black "Christoffersen, Ib"]
[Result "1-0"]
[WhiteElo "1601"]
[BlackElo "1341"]
[PlyCount "155"]
[EventDate "1998.??.??"]

1. d4 d5 2. c4 c6 3. Nc3 Nf6 4. Bg5 Bf5 5. Bxf6 exf6 6. cxd5 cxd5 7. Qb3 Qd7 8.
Qxd5 Bb4 9. Qxd7+ Nxd7 10. e3 Bxc3+ 11. bxc3 O-O 12. Nf3 Be4 13. Be2 Rac8 14.
Rc1 Nb6 15. O-O Bd5 16. a3 Bc4 17. Bxc4 Nxc4 18. a4 b6 19. Ra1 Na5 20. Ra3 Nc4
21. Ra2 g6 22. Rc1 Rc7 23. Kf1 Re8 24. Ke2 Kf8 25. Nd2 h5 26. Nxc4 Rxc4 27. Kd2
f5 28. a5 b5 29. Rb2 a6 30. Rb4 Rec8 31. Rc2 Ke7 32. f3 Kd6 33. e4 f4 34. Kd3
h4 35. d5 f6 36. Rxc4 Rxc4 37. Rb2 Ra4 38. Rb4 Rxa5 39. c4 Kc5 40. Kc3 Ra3+ 41.
Rb3 Ra5 42. cxb5 axb5 43. h3 g5 44. Kd3 Ra6 45. Rc3+ Kd6 46. Rc2 Ra3+ 47. Kd4
Ra4+ 48. Kc3 f5 49. Kd3 fxe4+ 50. fxe4 Ke5 51. Re2 Ra3+ 52. Kd2 b4 53. Kc1 b3
54. Kb1 Ra4 55. Rd2 Kd6 56. Re2 Ke5 57. Rd2 Kxe4 58. d6 Ra8 59. d7 Rd8 60. Kb2
Ke5 61. Kxb3 Ke6 62. Kc4 Kf7 63. Kc5 Ke7 64. Kc6 Ra8 65. Re2+ Kf7 66. Kb7 Rd8
67. Kc7 Ra8 68. d8=Q Rxd8 69. Kxd8 Kf6 70. Kd7 Kf5 71. Kd6 Kf6 72. Kd5 Kf5 73.
Re5+ Kf6 74. Ke4 Kg6 75. Rf5 Kh5 76. Kf3 Kg6 77. Kg4 f3 78. gxf3 1-0

[Event "10. Lovsprings EMT Basis 2 1998"]
[Site "Ringsted"]
[Date "1998.03.27"]
[Round "3"]
[White "Mortensen, Orla Lind"]
[Black "Jensen, Soren3"]
[Result "1-0"]
[WhiteElo "1384"]
[BlackElo "1306"]
[PlyCount "25"]
[EventDate "1998.??.??"]

1. e4 e5 2. f4 Bc5 3. Nf3 Nc6 4. fxe5 d5 5. exd5 Qxd5 6. Nc3 Qd8 7. Bb5 Bd7 8.
d4 Bb6 9. Bf4 Ba5 10. O-O Nge7 11. Ng5 g6 12. Nge4 Bb6 13. Nf6+ 1-0

[Event "10. Lovsprings EMT Basis 2 1998"]
[Site "Ringsted"]
[Date "1998.03.27"]
[Round "3"]
[White "Mouritsen, Jan"]
[Black "Nilsson, Jonas Gosta"]
[Result "1/2-1/2"]
[WhiteElo "1461"]
[BlackElo "1471"]
[PlyCount "49"]
[EventDate "1998.??.??"]

1. d4 Nf6 2. c4 e6 3. Nc3 d5 4. e3 Be7 5. Nf3 O-O 6. Bd3 Nc6 7. O-O Nb4 8. Be2
c5 9. a3 Nc6 10. cxd5 Nxd5 11. e4 Nf6 12. dxc5 Bxc5 13. h3 h6 14. Bf4 a6 15.
Rc1 Nd4 16. Na4 Nxe2+ 17. Qxe2 Ba7 18. Bc7 Qd7 19. Qc2 b5 20. Rfd1 Qe8 21. Nc3
Qc6 22. Nd5 Qxc2 23. Nxf6+ gxf6 24. Rxc2 Bb7 25. Re2 1/2-1/2